000
00322 a2200109 4500
001
ART_45650
005
20260410161756.0
008
260409a
245
1
0
_a
Sucursales de compañías extranjeras
100
1
_a
García, Roberto Martín
773
0
_t
Doctrina tributaria
_g
- Nº 456 (mar. 2018)
_w
REV4296
999
_c
20153
_d
20153